Statistiques concernant Rôles Demon Slayer UHC

Cliquez ici pour prendre le quiz!

Statistiques générales

  • Ce quiz a été pris 217 fois
  • Le résultat moyen est 29 sur 44

Statistiques - réponses

CampHintRéponse% Correct
DémonPossède toute la liste des Lunes SupérieurMuzan
83%
SlayerElle est informée quand un joueur se fait infecterShinobu
82%
DémonUn des deux peut respawn après 5 minutes si l'autre est encore vivantDaki | Gyutaro
79%
SlayerQuand il meurt, il donne l'effet Resistance I permanant à TomiokaSabito
77%
DémonPeut respawn tant que son coeur n'est pas détruitEnmu
76%
SlayerElle reçoit une liste de 5 pseudos dont celui de DomaKanae
76%
DémonPeut poser des pièges pour donner des coeurs permanant aux démonsRui
76%
DémonPossède Faiblesse I permanant , sauf dans son chateauNakime
75%
SlayerIl reçoit un livre Depth Strider III en début de partieTomioka
75%
SlayerPeut gagner avec les slayers ou avec le duo Kaigaku/JigoroZenitsu
75%
SlayerPossède Speed II et peut téléporter les joueursSanemi
74%
DémonIl peut se téléporter a ses pots de fleursGyokko
73%
SlayerSon pseudo est révélée aux démons si il réalise son pacte 1Kagaya
73%
SlayerElle se voit assigner un mari dans le camp des SlayersMitsuri
73%
SlayerObtient Foce I permanant si il tue le Demon AssassinTanjiro
73%
SolitaireIl possède Force I et Speed I permanant et Résistance I le jourYoriichi
73%
DémonGagne un coeur permanant et 5% de force en tuant un rôle fémininDoma
72%
DémonConnait l'identité du Muzan et du Zenitsu en début de partieKaigaku
71%
DémonPeut forcer une nuit à la place du jourKokushibo
71%
SlayerReçoit un livre Flame I et Fire Aspect IKyojuro
71%
SlayerPeut essayer de s'infiltrer chez les démonsNezuko
71%
SlayerPeut se rendre invisibleObanai
71%
SlayerIl possède une hache spéciale pouvant infliger NauséeGyomei
69%
DémonPeut se rendre invisibleHantengu
69%
SlayerIl peut voir et réparer les lames de Nichirin.Hotaru
68%
SlayerPeut envoyer des fumigènesTengen
68%
DémonIl perd 2 coeurs permanant en tuant un rôle fémininAkaza
67%
DémonOnt 50% de chance d'avoir Hantengu comme Lune SuperieurDemon Simple
67%
SolitaireIl doit choisir un pacte parmi les 3 proposésJigoro
66%
SlayerElle peut voir l'inventaire de 3 joueurs dans la partieKanao
66%
SlayerObtient un effet si il passe à côté de Tanjiro, Tomioka ou SabitoUrokodaki
66%
SolitairePeut se récupérer sa vie dans la laveShinjuro
65%
SlayerIl peut connaître 2 fois les effets d'un joueur de la partieInosuke
62%
DémonSi Muzan meurt, il passe soloKyogai
61%
SlayerIl récupère des effets selon le démon tuéGenya
60%
SlayerIl peut aveugler un joueur 3 fois dans la partieMuichiro
60%
DémonPossède un arc Power III un peu spécialSusamaru
58%
DémonIl obtient une cible a tuerYahaba
56%
SlayerPossède Resistance 1 quand il est a 10 blocs de TamayoYushiro
55%
SlayerDoit attendre que 2 démons meurent pour recevoir une potion droppableTamayo
47%
DémonIl peut toucher ses flèches même si il loupe ses tirsHairo
39%
DémonPeut invoquer des SilverfishKumo
36%
DémonIl peut booster les démons proche de lui avec un effet aléatoireFurüto
35%
SlayerSeul rôle slayer a recevoir l'intégralité des rôles des morts a l'intérieur de la cageKiriya
27%

Distribution des résultats

Percentile par nombre de réponses

% des personnes avec chaque résultat

Votre développement - résultats

Vous n’avez pas pris ce quiz